Statistiques concernant Pays qui battent le Japon

Cliquez ici pour prendre le quiz!

Statistiques générales

  • Ce quiz a été pris 2,124 fois
  • Le résultat moyen est 8 sur 19

Statistiques - réponses

Rang Catégorie Pays % Correct
4Plus grandes économies (PPA)Chine, Etats-Unis, Inde
98%
8Le plus de séismes durant le vingt-et-unième siècleIndonésie, Haiti, Chine,...
85%
2Le plus de restaurants avec des étoiles MichelinFrance
70%
3Le plus de coureurs ayant courru un marathon
en moins de 2h10min
Kenya, Ethiopie
64%
3Le plus de volcans actifsEtats-Unis, Indonésie
60%
2La production d'acier la plus importanteChine
47%
4Le plus grand nombre de touristes ChinoisCorée du Sud, Thailande, Taïwan
46%
7Taux d'obésité le plus basVietnam, Bangladesh, Timor Oriental,...
40%
3Le plus de cyclones tropicaux frappant le paysChine, Philippines
32%
3La plus faible diversité ethniqueCorée du Nord, Corée du Sud
31%
11Taux de fécondité le plus basSingapour, Taïwan, Corée du Sud,...
30%
2Espérance de vie la plus élevéeMonaco
27%
2Age moyen le plus élevéMonaco
27%
4Pourcentage de la population vivant dans une aire urbaine
de plus d'un million de personnes
Vatican, Singapour, Koweit
25%
2Drapeau avec le plus de blancChypre
22%
6Le moins religieuxSuède, Norvège, Estonie,...
20%
2Balance des opérations courantes la plus élevée
(exportations moins importations)
Allemagne
16%
4Taux de meurtres le plus faible depuis 2000Vatican, Saint Marin, Andorre
16%
3Population féminine moins population masculineRussie, Etats-Unis
11%

Distribution des résultats

Percentile par nombre de réponses

% des personnes avec chaque résultat

Votre développement - résultats

Vous n’avez pas pris ce quiz